00321nam a2200121Ia 4500008004100000041000800041082001200049100001900061245004500080260003400125300002900159365001100188240624s9999 xx 000 0 und d aeng a320 BAJ aBAJPAI KANTI P aINDIA S NATIONAL SECURITY A READER CRITI c2013aNew DelhibOxford India ax, : 486 : p. : cm. ; 22 cRSb31